Statistics for Countries with the most wind power

Click here to take the quiz!

General Stats

  • This quiz has been taken 31 times
  • The average score is 26 of 34

Answer Stats

Capacity (MW)Answer% Correct
32,848India
100%
89,077USA
100%
118,392China
96%
188,392Germany
96%
18,872UK
96%
12,763Brazil
93%
4,557Australia
89%
12,239Canada
89%
13,759France
89%
9,479Italy
89%
3,400Japan
89%
4,005Mexico
86%
2,085South Africa
86%
23,170Spain
86%
6,691Sweden
86%
6,857Turkey
86%
2,071Finland
82%
3,127Ireland
79%
2,828Austria
75%
1,540Chile
75%
5,476Denmark
75%
623New Zealand
75%
5,848Poland
75%
4,341Netherlands
71%
5,316Portugal
71%
2,843Belgium
64%
810Egypt
64%
1,136South Korea
64%
789Pakistan
50%
787Morocco
46%
633Thailand
46%
692Taiwan
43%
3,029Romania
39%
1,505Uruguay
25%

Score Distribution

Percentile by Number Answered

Percent of People with Each Score

Your Score History

You have not taken this quiz